Testo della Canzone - Brivido Guè ft. Marracash - Statistics

Statistiche generali
  • Questo quiz è stato fatto 223 volte
  • Il punteggio medio è 316 su 452
Statistiche sulle risposte
Testo % Corretto
un
100%
Un
100%
di
99%
Di
99%
a
98%
à
98%
I
98%
ma
98%
Ma
98%
Più
98%
più
98%
del
97%
dell'
97%
della
96%
fa
96%
mi
96%
una
96%
Una
96%
in
95%
In
95%
se
95%
sta
94%
che
92%
la
92%
La
92%
su
92%
all'
91%
brasiliana
91%
mezza
91%
e
90%
è
90%
E
90%
mezzo
90%
film
89%
miss
89%
ad
88%
alta
88%
quota
88%
rave
88%
Savana
88%
so
88%
CopaCabana
87%
sesso
87%
coca
86%
fare
86%
Non
86%
non
86%
alla
85%
il
85%
Il
85%
marijuana
85%
dammi
84%
Dammi
84%
drink
84%
hit
84%
nel
84%
successo
84%
vita
84%
dj
81%
come
80%
Sono
80%
sono
80%
stessa
79%
banconota
78%
ho
77%
trip
77%
Voglio
76%
ogni
75%
professione
74%
questa
74%
infelice
73%
dita
72%
suite
72%
alle
71%
brivido
71%
ed
71%
Ed
71%
libertà
71%
mondo
71%
scena
71%
mai
70%
faccio
69%
Farfalle
69%
muta
69%
processione
69%
nello
68%
stomaco
68%
anelli
67%
dei
67%
matita
67%
morto
67%
orologi
67%
pianto
67%
strada
67%
avessi
66%
tu
66%
ridere
64%
ridisegnare
64%
Sogno
64%
gioielli
63%
l'insetticida!
63%
mio
63%
già
62%
Tra
62%
Armstrong
60%
con
60%
luna
60%
niente
60%
qua
60%
corpo
59%
giorno
59%
si
59%
bazooka
57%
camminarci
57%
dopo
57%
Io
57%
io
57%
per
57%
sopra
57%
ero
55%
finalmente
54%
provavo
54%
innamorato
53%
ti
53%
fatto
52%
chi
51%
tre
49%
menage
47%
Questo
47%
sento
47%
mia
46%
chiasso
45%
troppo
45%
fumo
44%
bicchiere
43%
L'abbiamo
43%
quello
43%
Quello
43%
cash
42%
sicuro
42%
primo
41%
sbronza
41%
fammi
40%
Fammi
40%
futuro
40%
Lazzaro
40%
penso
40%
tutto
40%
Tutto
40%
quando
39%
roseo
38%
stato
38%
ci
37%
risorgere
37%
scuro
37%
tuo
37%
ammazzerà
36%
frà
36%
puro
36%
vestito
36%
rima
34%
Venezia
34%
allo
33%
alzano
33%
contare
33%
dove
33%
modesto
33%
oceano
33%
onde
33%
perso
33%
ragazzo
33%
sei
33%
sulle
33%
Uccidimi
33%
Bour
32%
metà
32%
miele
32%
nuovo
32%
onesto
32%
sia
32%
bella
31%
invecchia
31%
quanto
31%
resti
31%
triste
31%
trovo
31%
affoga
30%
male
30%
miei
30%
mosca
30%
paesaggio
30%
nella
29%
Portami
29%
sarò
29%
altezza
28%
fantasia
28%
pensi
28%
provare
28%
amici
27%
apatia
27%
dolce
27%
paese
27%
bilico
26%
breccia
26%
dentro
26%
emozioni
26%
faccia
26%
morte
26%
realtà
26%
soltanto
26%
carri
25%
Fuori
25%
gialli
25%
ripido
25%
indietro
24%
Nagasaki
24%
peggio
24%
vaporizzati
23%
caratteri
22%
ricordo
22%
volto
22%
armati
21%
lama
21%
taglierà
21%
carnevali
19%
centoquaranta
18%
insieme
18%
piatto
18%
d'animo
17%
sorprendi
17%
Stati
17%
via
17%
Burbuka
16%
carati
16%
corro
16%
Imbazzato
16%
stendo
16%
paura
15%
esprimermi
14%
saremo
14%
Ridotto
13%
buono
12%
idee
12%
scaccio
11%
ventiquattro
11%
avrò
10%
Certe
10%
accarezzano
9%
Nessun quiz corrispondente trovato
Distribuzione punteggi
Percentuale di utenti per punteggio
Percentile per numero di risposta
I tuoi punteggi nel tempo
Non hai fatto questo quiz